| 000 | 00653nam a2200133Ia 4500 | ||
|---|---|---|---|
| 008 | 171212s9999 xx 000 0 und d | ||
| 020 | _a9781922144829 | ||
| 100 | _aAdhuri, Dedi Supriadi | ||
| 245 |
_cAdhuri, Dedi Supriadi _aSelling the Sea, Fishing for Power _bA study of conflict over marine tenure in Kei Islands, Eastern Indonesia |
||
| 260 |
_bANU E Press _c2013 |
||
| 650 | _aEnvironmental Science | ||
| 650 | _aFishery management -- Indonesia; Fishery resources -- Indonesia; Sustainable fisheries -- Indonesia; Marine resources -- Management -- Indonesia; Fishes -- Conservation -- Indonesia | ||
| 856 | _uwww.jstor.org/stable/10.2307/j.ctt2jbkt1 | ||
| 999 |
_c351305 _d351305 |
||